[Event "Madrid ch 2021-2022 - Previa A"]
[Site "Madrid ESP"]
[Date "2022.03.22"]
[Round "8.8"]
[White "Cujba, Anca-Claudia"]
[Black "Camarero Izquierdo, Juan Carlos"]
[Result "0-1"]
[WhiteElo "1657"]
[BlackElo "1861"]
[PlyCount "122"]
[EventDate "2022.03.07"]
[EventType "swiss"]
[EventRounds "9"]
[EventCountry "ESP"]
[SourceTitle "Ajedrez en Madrid"]
[Source "lmi"]
[SourceDate "2022.03.07"]
[SourceVersion "1"]
[SourceVersionDate "2022.04.04"]
[SourceQuality "1"]

1. e4 c5 2. Nc3 e6 3. Bc4 a6 4. a4 d6 5. Nf3 Nf6 6. d4 cxd4 7. Nxd4 Qc7 8. Qe2
Bd7 9. Be3 Nc6 10. f4 Rc8 11. Ba2 Nb4 12. Bb3 Bc6 13. Nxc6 Qxc6 14. a5 Qc7 15.
Bb6 Qb8 16. Ba4+ Nc6 17. O-O Be7 18. Rad1 O-O 19. Bxc6 Rxc6 20. e5 Nd7 21. Bd4
dxe5 22. fxe5 Qc7 23. Ne4 Rxc2 24. Qg4 Nxe5 25. Qh5 Ng6 26. Bc3 Qc6 27. Rde1
Rd8 28. Rf3 Rd5 29. Qh3 Bc5+ 30. Nxc5 Qxc5+ 31. Kh1 Rh5 32. Qg3 Rg5 33. Qb8+
Qf8 34. Qxf8+ Kxf8 35. Rxe6 Rc1+ 36. Re1 Rxe1+ 37. Bxe1 Re5 38. Bc3 Rd5 39.
Bb4+ Ke8 40. Re3+ Re5 41. Rg3 f5 42. Rh3 h6 43. Bc3 Rd5 44. Re3+ Kf7 45. h3 Nf8
46. Re2 Ne6 47. Kh2 Nc5 48. Rd2 Rxd2 49. Bxd2 Ke6 50. Bc3 g6 51. Bb4 Kd5 52. h4
Kc4 53. Bd2 h5 54. Kg1 Nb3 55. Be1 Kb5 56. Kf2 Nxa5 57. Kf3 Nc6 58. Kf4 Kc5 59.
Kg5 Ne7 60. Bf2+ Kd6 61. Be3 b5 0-1

[Event "Madrid ch 2021-2022 - Previa A"]
[Site "Madrid ESP"]
[Date "2022.03.22"]
[Round "8.9"]
[White "Moya Barba, Diego"]
[Black "Sotoca Aguado, Jose"]
[Result "0-1"]
[WhiteElo "1482"]
[BlackElo "1819"]
[PlyCount "122"]
[EventDate "2022.03.07"]
[EventType "swiss"]
[EventRounds "9"]
[EventCountry "ESP"]
[SourceTitle "Ajedrez en Madrid"]
[Source "lmi"]
[SourceDate "2022.03.07"]
[SourceVersion "1"]
[SourceVersionDate "2022.04.04"]
[SourceQuality "1"]

1. d4 Nf6 2. c4 e6 3. Nc3 Bb4 4. e3 O-O 5. Bd3 d5 6. Nf3 b6 7. O-O Bb7 8. a3
Bxc3 9. bxc3 Nbd7 10. cxd5 exd5 11. Qe2 Re8 12. Rd1 Ne4 13. Bb2 c5 14. c4 cxd4
15. Bxd4 Qe7 16. Nd2 Ndc5 17. cxd5 Bxd5 18. Qg4 f6 19. Nxe4 Nxe4 20. f3 Ng5 21.
h4 Be6 22. Bf5 Bxf5 23. Qxf5 Ne6 24. Qd5 Rad8 25. Qb3 Kh8 26. Bb2 Nc5 27. Qc3
h6 28. e4 Rd7 29. a4 Rxd1+ 30. Rxd1 Nxa4 31. Qd2 Nxb2 32. Qxb2 Qc5+ 33. Kh1 Rc8
34. Ra1 Rc7 35. Qd2 a5 36. Qd8+ Kh7 37. Qe8 Qe5 38. Qa4 Qg3 39. e5 Qxe5 40. Qd1
Qf5 41. Rb1 b5 42. g4 Qe5 43. Qd3+ Kg8 44. Rxb5 Rc1+ 45. Kg2 Rc2+ 46. Qxc2 Qxb5
47. Qc8+ Kf7 48. Qc7+ Ke6 49. Qc8+ Kd5 50. Qg8+ Ke5 51. Qxg7 Qe2+ 52. Kg1 Qxf3
53. Qe7+ Kd4 54. Qd8+ Kc4 55. Qc7+ Kb4 56. Qd6+ Kb3 57. Qb6+ Kc2 58. Qc5+ Qc3
59. Qf5+ Kb2 60. Kg2 Qc2+ 61. Qxc2+ Kxc2 0-1

[Event "Madrid ch 2021-2022 - Previa A"]
[Site "Madrid ESP"]
[Date "2022.03.22"]
[Round "8.10"]
[White "Carrera Cabaneros, Francisco"]
[Black "Martin-Buitrago Lopez, Antonio"]
[Result "0-1"]
[WhiteElo "1805"]
[BlackElo "1669"]
[PlyCount "58"]
[EventDate "2022.03.07"]
[EventType "swiss"]
[EventRounds "9"]
[EventCountry "ESP"]
[SourceTitle "Ajedrez en Madrid"]
[Source "lmi"]
[SourceDate "2022.03.07"]
[SourceVersion "1"]
[SourceVersionDate "2022.04.04"]
[SourceQuality "1"]

1. d4 e6 2. c4 f5 3. g3 Nf6 4. Bg2 Be7 5. Nc3 Bb4 6. Qb3 a5 7. a3 a4 8. Qc2
Bxc3+ 9. Qxc3 O-O 10. e3 d6 11. Ne2 Qe8 12. Rb1 e5 13. b4 Nc6 14. b5 Na5 15.
Bb2 exd4 16. Nxd4 f4 17. gxf4 Qg6 18. Ke2 Qxg2 19. Rbg1 Bg4+ 20. Ke1 Qe4 21. f3
Bxf3 22. Nxf3 Qxf3 23. Rf1 Qe4 24. Rhg1 Nxc4 25. Bc1 Rae8 26. Rg3 Re7 27. Rfg1
Qd5 28. Ke2 Qxb5 29. Kf2 Ne4+ 0-1

[Event "Madrid ch 2021-2022 - Previa A"]
[Site "Madrid ESP"]
[Date "2022.03.22"]
[Round "8.12"]
[White "Sanchez Arriola, Ignacio"]
[Black "Garcia Gonzalez, Pedro A."]
[Result "1/2-1/2"]
[WhiteElo "1596"]
[BlackElo "1710"]
[PlyCount "56"]
[EventDate "2022.03.07"]
[EventType "swiss"]
[EventRounds "9"]
[EventCountry "ESP"]
[SourceTitle "Ajedrez en Madrid"]
[Source "lmi"]
[SourceDate "2022.03.07"]
[SourceVersion "1"]
[SourceVersionDate "2022.04.04"]
[SourceQuality "1"]

1. d4 d5 2. Bf4 Nf6 3. e3 c5 4. c3 Nc6 5. Nd2 cxd4 6. exd4 g6 7. Ngf3 Bg7 8.
Bd3 O-O 9. h3 Bf5 10. Qc2 Bxd3 11. Qxd3 e6 12. O-O Nh5 13. Bh2 Bh6 14. g3 f5
15. Rfe1 Qd7 16. Ne5 Nxe5 17. Rxe5 Rf6 18. f4 Ng7 19. h4 Ne8 20. Nf3 Nd6 21.
Re2 Ne4 22. Kg2 Bg7 23. Ng5 h6 24. Nxe4 fxe4 25. Qe3 h5 26. Bg1 Raf8 27. Qd2
R6f7 28. Be3 Qe7 1/2-1/2

[Event "Madrid ch 2021-2022 - Previa A"]
[Site "Madrid ESP"]
[Date "2022.03.22"]
[Round "8.13"]
[White "Blazquez Sanz, Oscar"]
[Black "Fernandez Rios, Jose Francisco"]
[Result "1-0"]
[WhiteElo "1464"]
[BlackElo "1753"]
[PlyCount "101"]
[EventDate "2022.03.07"]
[EventType "swiss"]
[EventRounds "9"]
[EventCountry "ESP"]
[SourceTitle "Ajedrez en Madrid"]
[Source "lmi"]
[SourceDate "2022.03.07"]
[SourceVersion "1"]
[SourceVersionDate "2022.04.04"]
[SourceQuality "1"]

1. e4 c5 2. Nf3 g6 3. d4 cxd4 4. Nxd4 Bg7 5. Be3 Nc6 6. c3 Nf6 7. Nd2 O-O 8.
Bd3 d5 9. exd5 Nxd5 10. Nxc6 bxc6 11. Qe2 Nxe3 12. Qxe3 Qc7 13. O-O Rb8 14. Nb3
Be6 15. Rfe1 Bxb3 16. axb3 Rxb3 17. Rxa7 Rb7 18. Rea1 Rfb8 19. g3 e6 20. Be4
Qb6 21. Rxb7 Qxb7 22. b4 Qb5 23. Ra7 Qc4 24. Qf3 f5 25. Bxc6 Qxc3 26. Qxc3 Bxc3
27. b5 Bd4 28. Re7 e5 29. Kf1 h6 30. f3 Kf8 31. Rd7 Bb6 32. Ke2 Bg1 33. h3 Bb6
34. g4 Ba5 35. gxf5 gxf5 36. Rh7 Kg8 37. Rxh6 Kg7 38. Re6 Bc3 39. Kd3 Bd4 40.
h4 Rh8 41. Kc4 Kf7 42. Kd5 Rd8+ 43. Rd6 Rxd6+ 44. Kxd6 Kg6 45. Ke6 e4 46. Bxe4
fxe4 47. fxe4 Kh5 48. Kf5 Kxh4 49. e5 Kg3 50. e6 Bc5 51. b6 1-0

[Event "Madrid ch 2021-2022 - Previa A"]
[Site "Madrid ESP"]
[Date "2022.03.22"]
[Round "8.14"]
[White "Ramos Antona, Enrique"]
[Black "Mora Agudo, Jose Alberto"]
[Result "0-1"]
[WhiteElo "1512"]
[BlackElo "1604"]
[PlyCount "102"]
[EventDate "2022.03.07"]
[EventType "swiss"]
[EventRounds "9"]
[EventCountry "ESP"]
[SourceTitle "Ajedrez en Madrid"]
[Source "lmi"]
[SourceDate "2022.03.07"]
[SourceVersion "1"]
[SourceVersionDate "2022.04.04"]
[SourceQuality "1"]

1. d4 Nf6 2. c4 e6 3. Nc3 d5 4. cxd5 exd5 5. Bg5 c6 6. e3 Bd6 7. h3 O-O 8. Bd3
Be6 9. Nf3 Nbd7 10. O-O Qc7 11. Rc1 h6 12. Bxf6 Nxf6 13. Ne2 Ne4 14. Nc3 f5 15.
Nb5 Qe7 16. Nxd6 Qxd6 17. Ne5 Rf6 18. Qe1 f4 19. exf4 Rxf4 20. g3 Rf6 21. Kg2
Ng5 22. Rh1 Raf8 23. f4 Ne4 24. Rf1 Qc7 25. Kh2 Qb6 26. Bxe4 dxe4 27. Qc3 Qb5
28. Rf2 g5 29. Qe3 gxf4 30. gxf4 Kh7 31. b3 Bf5 32. Rg2 Rg8 33. Rxg8 Kxg8 34.
Rg1+ Kf8 35. Rg2 Ke7 36. Rg7+ Kd6 37. Rg8 Qf1 38. Nc4+ Ke7 39. Ne5 Kd6 40. Rd8+
Kc7 41. Rg8 Be6 42. Rg7+ Kc8 43. Rg1 Qxf4+ 44. Qxf4 Rxf4 45. Rg7 Rf2+ 46. Kg1
Rxa2 47. Re7 Bxb3 48. Re8+ Kc7 49. Re7+ Kb6 50. Ng4 Bd5 51. Nxh6 Ra3 0-1

[Event "Madrid ch 2021-2022 - Previa A"]
[Site "Madrid ESP"]
[Date "2022.03.22"]
[Round "8.15"]
[White "Bengoa Moreno, Oscar"]
[Black "Bolea Olivan, Jose Angel"]
[Result "1-0"]
[WhiteElo "1629"]
[BlackElo "1810"]
[PlyCount "91"]
[EventDate "2022.03.07"]
[EventType "swiss"]
[EventRounds "9"]
[EventCountry "ESP"]
[SourceTitle "Ajedrez en Madrid"]
[Source "lmi"]
[SourceDate "2022.03.07"]
[SourceVersion "1"]
[SourceVersionDate "2022.04.04"]
[SourceQuality "1"]

1. c4 Nf6 2. d3 e6 3. Nf3 d5 4. cxd5 exd5 5. g3 Be7 6. Bg2 O-O 7. O-O Re8 8.
Nc3 d4 9. Ne4 c5 10. Nxf6+ Bxf6 11. Bd2 Nc6 12. Rc1 Qb6 13. b3 Bd7 14. Bg5 Be7
15. Bxe7 Rxe7 16. Re1 Rc8 17. Ng5 Nb4 18. Ra1 Qg6 19. Qd2 Bc6 20. Bxc6 Rxc6 21.
a3 Nd5 22. Ne4 f5 23. Ng5 Nc3 24. Nh3 Qf6 25. e3 Rb6 26. exd4 cxd4 27. b4 Rbe6
28. Nf4 Re5 29. Rxe5 Qxe5 30. Kf1 g5 31. Ng2 h6 32. Re1 Qd6 33. Rxe7 Qxe7 34.
h4 a5 35. hxg5 hxg5 36. bxa5 Kg7 37. Ne1 g4 38. Ng2 Nb1 39. Qb2 Nc3 40. Nf4 Qd7
41. Qb3 Qc6 42. Ng2 Qf3 43. Qc2 Qd5 44. Qd2 Qxa5 45. Qg5+ Kf7 46. Nf4 1-0

[Event "Madrid ch 2021-2022 - Previa A"]
[Site "Madrid ESP"]
[Date "2022.03.22"]
[Round "8.16"]
[White "Rubio Rivera, Felix"]
[Black "Barahona Torrijos, Angel"]
[Result "1/2-1/2"]
[WhiteElo "1460"]
[BlackElo "1822"]
[PlyCount "72"]
[EventDate "2022.03.07"]
[EventType "swiss"]
[EventRounds "9"]
[EventCountry "ESP"]
[SourceTitle "Ajedrez en Madrid"]
[Source "lmi"]
[SourceDate "2022.03.07"]
[SourceVersion "1"]
[SourceVersionDate "2022.04.04"]
[SourceQuality "1"]

1. e4 e5 2. Nf3 Nc6 3. Bc4 Nf6 4. Ng5 d5 5. exd5 b5 6. Bf1 Nd4 7. c3 Nxd5 8.
cxd4 Qxg5 9. Bxb5+ Bd7 10. Bxd7+ Kxd7 11. Qf3 exd4 12. O-O Bd6 13. d3 Qe5 14.
g3 f5 15. Nd2 Nb4 16. Nc4 Qd5 17. Qxd5 Nxd5 18. a3 Rhe8 19. Bd2 Nb6 20. Nxb6+
axb6 21. Rfe1 c5 22. Rxe8 Rxe8 23. Re1 Rxe1+ 24. Bxe1 f4 25. f3 Kc6 26. Kf1 Kd5
27. a4 c4 28. Ke2 h5 29. gxf4 Bxf4 30. h3 Be5 31. dxc4+ Kxc4 32. b4 d3+ 33. Kd1
g5 34. a5 bxa5 35. bxa5 Bf4 36. Bd2 Bc7 1/2-1/2

[Event "Madrid ch 2021-2022 - Previa A"]
[Site "Madrid ESP"]
[Date "2022.03.22"]
[Round "8.17"]
[White "Fuentenebro Cediel, Alberto"]
[Black "Diaz Garcia-Heras, Jose J."]
[Result "0-1"]
[WhiteElo "1328"]
[BlackElo "1715"]
[PlyCount "24"]
[EventDate "2022.03.07"]
[EventType "swiss"]
[EventRounds "9"]
[EventCountry "ESP"]
[SourceTitle "Ajedrez en Madrid"]
[Source "lmi"]
[SourceDate "2022.03.07"]
[SourceVersion "1"]
[SourceVersionDate "2022.04.04"]
[SourceQuality "1"]

1. e4 e5 2. Nf3 Nc6 3. Bc4 Bc5 4. c3 Nf6 5. d4 exd4 6. cxd4 Bb4+ 7. Nc3 Nxe4 8.
O-O Bxc3 9. d5 Ne5 10. Nxe5 Bxe5 11. Qh5 Qf6 12. Re1 Qxf2+ 0-1

[Event "Madrid ch 2021-2022 - Previa A"]
[Site "Madrid ESP"]
[Date "2022.03.22"]
[Round "8.20"]
[White "Martinez Miura, Enrique"]
[Black "Moreno Sabroso, Ruben"]
[Result "1-0"]
[WhiteElo "1601"]
[BlackElo "1495"]
[PlyCount "107"]
[EventDate "2022.03.07"]
[EventType "swiss"]
[EventRounds "9"]
[EventCountry "ESP"]
[SourceTitle "Ajedrez en Madrid"]
[Source "lmi"]
[SourceDate "2022.03.07"]
[SourceVersion "1"]
[SourceVersionDate "2022.04.04"]
[SourceQuality "1"]

1. e4 c5 2. Nf3 g6 3. d4 cxd4 4. Nxd4 Bg7 5. Be2 Nc6 6. Be3 Nf6 7. Nc3 Qa5 8.
O-O O-O 9. Qd2 d6 10. h3 Bd7 11. f4 Nxd4 12. Bxd4 Bc6 13. Bf3 Rad8 14. Qf2 Qb4
15. a3 Qc4 16. b3 Qe6 17. Rae1 Qc8 18. Bxa7 e6 19. Bb6 Rd7 20. Kh1 d5 21. exd5
Bxd5 22. Nxd5 Nxd5 23. Bxd5 Rxd5 24. Rd1 Qc6 25. Rxd5 Qxd5 26. a4 Rc8 27. a5
Qe4 28. c4 Qd3 29. Qf3 Qd7 30. Rd1 Qe7 31. Rd3 Bf6 32. Qd1 Qe8 33. Rd7 e5 34.
fxe5 Qxe5 35. Bd4 Qe6 36. Bxf6 Qxf6 37. Rxb7 Rd8 38. Qe1 Rd3 39. Rb5 Qd8 40.
Rd5 Rxd5 41. cxd5 Qxd5 42. b4 f5 43. a6 Qb5 44. a7 Qa6 45. Qe8+ Kg7 46. Qe7+
Kg8 47. Qc5 Qf1+ 48. Qg1 Qa6 49. b5 Qb7 50. b6 Kf7 51. Qd4 Ke6 52. Qc4+ Kf6 53.
Qa4 Qe7 54. Qa1+ 1-0

[Event "Madrid ch 2021-2022 - Previa A"]
[Site "Madrid ESP"]
[Date "2022.03.22"]
[Round "8.21"]
[White "Aquilino Rodriguez, Virgilio"]
[Black "Sanchez Liso, Juan A"]
[Result "1-0"]
[WhiteElo "1541"]
[BlackElo "1418"]
[PlyCount "61"]
[EventDate "2022.03.07"]
[EventType "swiss"]
[EventRounds "9"]
[EventCountry "ESP"]
[SourceTitle "Ajedrez en Madrid"]
[Source "lmi"]
[SourceDate "2022.03.07"]
[SourceVersion "1"]
[SourceVersionDate "2022.04.04"]
[SourceQuality "1"]

1. c4 e5 2. g3 Nc6 3. Bg2 f5 4. Nc3 Nf6 5. e4 d6 6. Nge2 g6 7. d4 Bg7 8. d5 Ne7
9. Be3 O-O 10. h3 a6 11. Qb3 Nd7 12. O-O b6 13. f4 Nc5 14. Qc2 fxe4 15. b4 Nd7
16. Rac1 Nf5 17. Qd2 Nxe3 18. Qxe3 b5 19. c5 Qe7 20. Bxe4 Bh6 21. Rf3 Nf6 22.
g4 Nxe4 23. Nxe4 exf4 24. Nxf4 Qe5 25. Rcf1 Re8 26. Nf6+ Qxf6 27. Qxe8+ Qf8 28.
Qxf8+ Bxf8 29. Nxg6 hxg6 30. Rxf8+ Kg7 31. g5 1-0

[Event "Madrid ch 2021-2022 - Previa A"]
[Site "Madrid ESP"]
[Date "2022.03.23"]
[Round "9.1"]
[White "Hernandez Gutierrez, Jose"]
[Black "Armenteros Peral, Javier"]
[Result "1/2-1/2"]
[WhiteElo "1732"]
[BlackElo "1992"]
[PlyCount "31"]
[EventDate "2022.03.07"]
[EventType "swiss"]
[EventRounds "9"]
[EventCountry "ESP"]
[SourceTitle "Ajedrez en Madrid"]
[Source "lmi"]
[SourceDate "2022.03.07"]
[SourceVersion "1"]
[SourceVersionDate "2022.04.04"]
[SourceQuality "1"]

1. d4 d5 2. c4 e6 3. Nf3 Nf6 4. g3 Be7 5. Bg2 O-O 6. O-O dxc4 7. Ne5 c5 8. dxc5
Qc7 9. Nxc4 Qxc5 10. b3 Rd8 11. Nbd2 Qh5 12. e3 Qxd1 13. Rxd1 Nc6 14. Bb2 Bd7
15. Ne5 Nxe5 16. Bxe5 1/2-1/2

[Event "Madrid ch 2021-2022 - Previa A"]
[Site "Madrid ESP"]
[Date "2022.03.23"]
[Round "9.2"]
[White "Lopez de Turiso, Jose Angel"]
[Black "Alvarez Abejon, Amilcar"]
[Result "1/2-1/2"]
[WhiteElo "1935"]
[BlackElo "1970"]
[PlyCount "35"]
[EventDate "2022.03.07"]
[EventType "swiss"]
[EventRounds "9"]
[EventCountry "ESP"]
[SourceTitle "Ajedrez en Madrid"]
[Source "lmi"]
[SourceDate "2022.03.07"]
[SourceVersion "1"]
[SourceVersionDate "2022.04.04"]
[SourceQuality "1"]

1. e4 c5 2. Nf3 e6 3. c3 d5 4. exd5 exd5 5. d4 Nc6 6. Bb5 Bd6 7. dxc5 Bxc5 8.
O-O Nge7 9. Nbd2 O-O 10. Nb3 Bd6 11. Nbd4 Bg4 12. Qd3 Qc7 13. h3 Bh5 14. Be3
Rad8 15. Qd2 a6 16. Bd3 Bg6 17. Rac1 Rfe8 18. Rfe1 1/2-1/2

[Event "Madrid ch 2021-2022 - Previa A"]
[Site "Madrid ESP"]
[Date "2022.03.23"]
[Round "9.3"]
[White "Moreno Torrero, Javier"]
[Black "Gueler Berdasco, Martin"]
[Result "1/2-1/2"]
[WhiteElo "1953"]
[BlackElo "1957"]
[PlyCount "29"]
[EventDate "2022.03.07"]
[EventType "swiss"]
[EventRounds "9"]
[EventCountry "ESP"]
[SourceTitle "Ajedrez en Madrid"]
[Source "lmi"]
[SourceDate "2022.03.07"]
[SourceVersion "1"]
[SourceVersionDate "2022.04.04"]
[SourceQuality "1"]

1. d4 Nf6 2. Nf3 d5 3. e3 e6 4. Bd3 Nbd7 5. O-O b6 6. b3 Bb7 7. Bb2 Be7 8. Nbd2
O-O 9. Ne5 Ne4 10. f3 Nxd2 11. Qxd2 Nxe5 12. dxe5 f6 13. Rad1 fxe5 14. Bxe5 Bf6
15. Bxf6 1/2-1/2

[Event "Madrid ch 2021-2022 - Previa A"]
[Site "Madrid ESP"]
[Date "2022.03.23"]
[Round "9.4"]
[White "De Dompablo Fantova, Juan"]
[Black "Esteban Amo, Jose M."]
[Result "0-1"]
[WhiteElo "1670"]
[BlackElo "1874"]
[PlyCount "92"]
[EventDate "2022.03.07"]
[EventType "swiss"]
[EventRounds "9"]
[EventCountry "ESP"]
[SourceTitle "Ajedrez en Madrid"]
[Source "lmi"]
[SourceDate "2022.03.07"]
[SourceVersion "1"]
[SourceVersionDate "2022.04.04"]
[SourceQuality "1"]

1. e4 c5 2. Nc3 g6 3. f4 Bg7 4. Nf3 Nc6 5. Bb5 Nd4 6. Bc4 d6 7. Nxd4 Bxd4 8.
Ne2 Bg7 9. O-O Nf6 10. d3 O-O 11. f5 d5 12. exd5 Nxd5 13. Ng3 e6 14. fxg6 hxg6
15. Ne4 Bd4+ 16. Kh1 Ne3 17. Bxe3 Bxe3 18. Qf3 Bd4 19. c3 Bg7 20. Nxc5 Qc7 21.
Ne4 Bd7 22. Nf6+ Bxf6 23. Qxf6 Qd8 24. Qe5 Qh4 25. Rf3 Qh8 26. Qg5 Bc6 27. Rh3
Qxh3 28. Rf1 Qxg2+ 29. Qxg2 Bxg2+ 30. Kxg2 Kg7 31. d4 Rad8 32. a4 b6 33. b4 Rc8
34. Ba6 Rxc3 35. Bb7 Rc4 36. d5 exd5 37. Bxd5 Rxb4 38. Bc6 Rc8 39. Bb5 Rc2+ 40.
Kf3 Rc3+ 41. Ke2 Rb2+ 42. Kd1 Rb1+ 43. Kd2 Rxf1 44. Kxc3 Rh1 45. Kd4 Rxh2 46.
Kd5 Rc2 0-1

[Event "Madrid ch 2021-2022 - Previa A"]
[Site "Madrid ESP"]
[Date "2022.03.23"]
[Round "9.5"]
[White "Martin-Buitrago Lopez, Antonio"]
[Black "Rodriguez Garcia, Jose Maria"]
[Result "0-1"]
[WhiteElo "1669"]
[BlackElo "1963"]
[PlyCount "33"]
[EventDate "2022.03.07"]
[EventType "swiss"]
[EventRounds "9"]
[EventCountry "ESP"]
[SourceTitle "Ajedrez en Madrid"]
[Source "lmi"]
[SourceDate "2022.03.07"]
[SourceVersion "1"]
[SourceVersionDate "2022.04.04"]
[SourceQuality "1"]

1. e4 c6 2. d4 d5 3. e5 c5 4. dxc5 Nc6 5. Bb5 e6 6. Bxc6+ bxc6 7. b4 a5 8. c3
axb4 9. cxb4 Ba6 10. Ne2 Qb8 11. Qd4 Ne7 12. Bf4 Nf5 13. Qd2 g5 14. Bg3 Nxg3
15. hxg3 Qxe5 16. O-O Qxe2 17. Qxe2 0-1

[Event "Madrid ch 2021-2022 - Previa A"]
[Site "Madrid ESP"]
[Date "2022.03.23"]
[Round "9.6"]
[White "Marcos Herrero, Francisco"]
[Black "Lopez Heras, Arturo"]
[Result "1-0"]
[WhiteElo "1897"]
[BlackElo "1757"]
[PlyCount "105"]
[EventDate "2022.03.07"]
[EventType "swiss"]
[EventRounds "9"]
[EventCountry "ESP"]
[SourceTitle "Ajedrez en Madrid"]
[Source "lmi"]
[SourceDate "2022.03.07"]
[SourceVersion "1"]
[SourceVersionDate "2022.04.04"]
[SourceQuality "1"]

1. c4 Nf6 2. g3 g6 3. Bg2 Bg7 4. Nc3 O-O 5. d4 c5 6. Nf3 cxd4 7. Nxd4 Nc6 8.
O-O Qb6 9. Nc2 Rd8 10. e4 d6 11. h3 Be6 12. Ne3 Ne5 13. b3 Rac8 14. Bb2 Nxc4
15. Nxc4 Bxc4 16. Na4 Qb5 17. bxc4 Rxc4 18. Rb1 Qxa4 19. Qd3 Qc2 20. Qe3 Qa4
21. e5 dxe5 22. Qxe5 Qd7 23. Qe2 Rcc8 24. Bxb7 Rb8 25. Bg2 Nd5 26. Bxg7 Rxb1
27. Rxb1 Kxg7 28. Bxd5 Qxd5 29. Qxe7 Qd7 30. Qxd7 Rxd7 31. Rb5 Kf6 32. Ra5 Ke6
33. h4 h5 34. Kg2 Kd6 35. Kf3 Kc6 36. Kf4 Kb6 37. Ra3 a5 38. Rf3 a4 39. Ke5
Re7+ 40. Kf6 Rb7 41. Rf4 Kb5 42. a3 Ra7 43. f3 Kc5 44. g4 hxg4 45. fxg4 Kd6 46.
h5 gxh5 47. gxh5 Ra5 48. Rh4 Ra8 49. h6 Kc5 50. h7 Kb5 51. h8=Q Rxh8 52. Rxh8
Kc4 53. Rh3 1-0

[Event "Madrid ch 2021-2022 - Previa A"]
[Site "Madrid ESP"]
[Date "2022.03.23"]
[Round "9.7"]
[White "Camarero Izquierdo, Juan Carlos"]
[Black "Palomo Monserrat, Lorenzo"]
[Result "0-1"]
[WhiteElo "1861"]
[BlackElo "1645"]
[PlyCount "92"]
[EventDate "2022.03.07"]
[EventType "swiss"]
[EventRounds "9"]
[EventCountry "ESP"]
[SourceTitle "Ajedrez en Madrid"]
[Source "lmi"]
[SourceDate "2022.03.07"]
[SourceVersion "1"]
[SourceVersionDate "2022.04.04"]
[SourceQuality "1"]

1. d4 d5 2. Nc3 Nf6 3. Bg5 Bf5 4. f3 Nbd7 5. Qd2 e6 6. O-O-O Bd6 7. h4 h6 8.
Bxf6 Nxf6 9. Kb1 Qd7 10. Re1 Bg3 11. Rd1 b5 12. e3 b4 13. Nce2 Bd6 14. g4 Bh7
15. Nh3 a5 16. Nef4 b3 17. axb3 Bb4 18. Qc1 a4 19. Bd3 axb3 20. cxb3 c5 21.
Bxh7 c4 22. Rd3 Nxh7 23. Rc3 Bxc3 24. Qxc3 O-O 25. bxc4 Rfc8 26. c5 Qa4 27. Rg1
Rab8 28. Qc2 Rb3 29. Kc1 Qb4 30. Nd3 Qc4 31. Qxc4 dxc4 32. Ne5 Rxe3 33. Kd2 Rb3
34. Nxc4 Rxf3 35. Rh1 Rb3 36. Kc2 Rg3 37. Nd6 Rc7 38. b4 Rxg4 39. Kc3 Nf6 40.
b5 Nd5+ 41. Kd3 Rg3+ 42. Kd2 Rb3 43. Nf2 Rb2+ 44. Ke1 Ra7 45. b6 Ra1+ 46. Nd1
Ne3 0-1

[Event "Madrid ch 2021-2022 - Previa A"]
[Site "Madrid ESP"]
[Date "2022.03.23"]
[Round "9.8"]
[White "Guardiola Sevilla, Antonio"]
[Black "Sotoca Aguado, Jose"]
[Result "0-1"]
[WhiteElo "1733"]
[BlackElo "1819"]
[PlyCount "104"]
[EventDate "2022.03.07"]
[EventType "swiss"]
[EventRounds "9"]
[EventCountry "ESP"]
[SourceTitle "Ajedrez en Madrid"]
[Source "lmi"]
[SourceDate "2022.03.07"]
[SourceVersion "1"]
[SourceVersionDate "2022.04.04"]
[SourceQuality "1"]

1. e4 e6 2. d4 d5 3. exd5 exd5 4. Bd3 Bd6 5. Be3 Ne7 6. Nf3 Bf5 7. O-O O-O 8.
Nc3 c6 9. Ne2 Qc7 10. Ng3 Bxd3 11. Qxd3 Na6 12. c3 Qd7 13. Rae1 Rae8 14. Re2 f5
15. Bg5 f4 16. Bxe7 Rxe7 17. Rxe7 Bxe7 18. Ne2 Bd6 19. Re1 Nc7 20. c4 dxc4 21.
Qxc4+ Qf7 22. Qxf7+ Rxf7 23. Nc3 Re7 24. Kf1 h6 25. Ne4 Bb4 26. Re2 Nd5 27. a3
Ba5 28. Nc5 b5 29. Ne5 Rc7 30. Ne6 Rc8 31. Nd3 Bb6 32. Ndc5 Bc7 33. Nxc7 Rxc7
34. Re4 Rc8 35. Ke2 Kf7 36. Kf3 g5 37. Re6 Nf6 38. h3 a5 39. Rd6 a4 40. Ne4 Ng8
41. Rxh6 Nxh6 42. Nd6+ Ke6 43. Nxc8 Kd5 44. Nb6+ Kxd4 45. h4 gxh4 46. Kxf4 c5
47. Nd7 b4 48. Nb6 bxa3 49. bxa3 Nf7 50. Nxa4 c4 51. g4 Ng5 52. f3 Ne6+ 0-1

[Event "Madrid ch 2021-2022 - Previa A"]
[Site "Madrid ESP"]
[Date "2022.03.23"]
[Round "9.9"]
[White "Mora Agudo, Jose Alberto"]
[Black "De Fuenmayor Fernandez de la , Carlos Pablo"]
[Result "1-0"]
[WhiteElo "1604"]
[BlackElo "1432"]
[PlyCount "107"]
[EventDate "2022.03.07"]
[EventType "swiss"]
[EventRounds "9"]
[EventCountry "ESP"]
[SourceTitle "Ajedrez en Madrid"]
[Source "lmi"]
[SourceDate "2022.03.07"]
[SourceVersion "1"]
[SourceVersionDate "2022.04.04"]
[SourceQuality "1"]

1. d4 Nf6 2. c4 e5 3. dxe5 Ng4 4. Nf3 Bc5 5. e3 Nc6 6. Be2 Ngxe5 7. Nbd2 O-O 8.
O-O Re8 9. b3 d6 10. Bb2 Re6 11. Nd4 Rh6 12. Nxc6 bxc6 13. Bxe5 dxe5 14. Nf3
Qxd1 15. Raxd1 Bg4 16. h3 Bh5 17. g4 Bg6 18. Nxe5 Rxh3 19. Nxg6 hxg6 20. Kg2
Rh6 21. Rd7 Bd6 22. Rh1 Kf8 23. Rxh6 gxh6 24. Bf3 Rb8 25. Bxc6 Rb6 26. Rd8+ Kg7
27. Bd5 Kf6 28. Rd7 Kg5 29. Kh3 f5 30. f4+ Bxf4 31. exf4+ Kxf4 32. Rf7 Ra6 33.
gxf5 g5 34. a4 g4+ 35. Kg2 h5 36. Rxc7 Kxf5 37. Rc6 Rxc6 38. Bxc6 h4 39. Bd7+
Kf4 40. Bxg4 Kxg4 41. c5 h3+ 42. Kh2 Kf5 43. c6 Ke6 44. b4 Kd6 45. b5 Kc7 46.
Kxh3 Kb6 47. Kg4 Ka5 48. c7 Kxa4 49. b6 axb6 50. c8=Q b5 51. Qc1 b4 52. Qb2 b3
53. Kf4 Kb4 54. Ke3 1-0

[Event "Madrid ch 2021-2022 - Previa A"]
[Site "Madrid ESP"]
[Date "2022.03.23"]
[Round "9.10"]
[White "Balsera Gomez, Antonio"]
[Black "Blazquez Sanz, Oscar"]
[Result "1-0"]
[WhiteElo "1415"]
[BlackElo "1464"]
[PlyCount "75"]
[EventDate "2022.03.07"]
[EventType "swiss"]
[EventRounds "9"]
[EventCountry "ESP"]
[SourceTitle "Ajedrez en Madrid"]
[Source "lmi"]
[SourceDate "2022.03.07"]
[SourceVersion "1"]
[SourceVersionDate "2022.04.04"]
[SourceQuality "1"]

1. e4 e6 2. d4 d5 3. Nd2 c5 4. exd5 Qxd5 5. Ngf3 Nf6 6. Bc4 Qd8 7. O-O Nc6 8.
Re1 Nxd4 9. Nb3 Nxf3+ 10. Qxf3 Be7 11. Be3 Qc7 12. Rad1 O-O 13. Bf4 Qb6 14. Bd2
Bd7 15. Ba5 Qc6 16. Qe2 b5 17. Rxd7 Qxd7 18. Rd1 Qb7 19. Bxb5 a6 20. Bc4 Bd8
21. Bc3 Ne4 22. Be5 Bh4 23. Na5 Bxf2+ 24. Kf1 Qb6 25. Qxe4 Qxa5 26. Kxf2 Rad8
27. Bd3 f5 28. Qc4 Qb6 29. Re1 a5 30. Bc3 Rde8 31. Kf1 Kh8 32. Re5 Rf6 33. Qxc5
Qb7 34. Qe3 Rg6 35. g3 Rf8 36. Rxe6 f4 37. Re8 Qf7 38. Bxg6 1-0